000 00446nam a2200181Ia 4500
001 17840
005 20260306171546.0
008 260306s9999||||xx |||||||||||||| ||und||
041 _aESP
082 _a658.3
_bA43F
100 _aAlles, Martha
_eAUT
245 0 _aDesarrollo del talento humano:
_bbasado en competencias
260 _c2008
300 _a400 páginas :
_c23 cm.
650 _aGEN
654 _aCAN
942 _cLIB
_dJUS
_fJUS
_2ddc
_n
999 _c17840
_d17840